| 000 | 00624nam a2200205Ia 4500 | ||
|---|---|---|---|
| 003 | PILC | ||
| 005 | 20160318095821.0 | ||
| 008 | 140321s9999 xx 000 0 und d | ||
| 020 | _a9781906884253 | ||
| 050 |
_aG 155.A1 _b.C784 2013 |
||
| 100 | _aCooper, Chris. | ||
| 245 |
_aContemporary tourism : _ban international approach / _cChris Cooper and C. Michael Hall. |
||
| 250 | _a2nd edition. | ||
| 260 |
_aOxford : _bGoodfellow Publishers Limited, _c2013. |
||
| 300 |
_a364 pages ; _c25 cm. |
||
| 500 | _aIncludes bibliographical references and index. | ||
| 650 | _aTourism. | ||
| 942 |
_kFOR _cBK _2lcc |
||
| 999 |
_c48524 _d48524 |
||